<?xml version="1.0" encoding="UTF-8"?>
<marc:record xmlns:marc="http://www.loc.gov/MARC21/slim">
   <marc:leader>00000nam a2200000 a 4500</marc:leader>
   <marc:datafield ind1="1" ind2=" " tag="100">
      <marc:subfield code="a">Hauck, Thomas J.</marc:subfield>
      <marc:subfield code="4">ctb</marc:subfield>
      <marc:subfield code="e">Mitwirkende/-r</marc:subfield>
   </marc:datafield>
   <marc:datafield ind1="1" ind2=" " tag="100">
      <marc:subfield code="a">Pankoke, Betie</marc:subfield>
      <marc:subfield code="4">ctb</marc:subfield>
      <marc:subfield code="e">Mitwirkende/-r</marc:subfield>
   </marc:datafield>
   <marc:datafield ind1="0" ind2="0" tag="245">
      <marc:subfield code="a">Graf Wenzelslaus, der Geräuschesammler</marc:subfield>
   </marc:datafield>
   <marc:datafield ind1="0" ind2="0" tag="245">
      <marc:subfield code="c">Thomas J. Hauck ; Betie Pankoke</marc:subfield>
   </marc:datafield>
   <marc:datafield ind1=" " ind2="1" tag="264">
      <marc:subfield code="a">Düren</marc:subfield>
      <marc:subfield code="b">DIX-Verl.</marc:subfield>
      <marc:subfield code="c">2011</marc:subfield>
   </marc:datafield>
   <marc:datafield ind1="1" ind2=" " tag="520">
      <marc:subfield code="a">Angaben aus der Verlagsmeldung

Graf Wenzelslaus, der Geräuschesammler / von Thomas J. Hauck

Graf Wenzelslaus zu Vegesack ist Tüftler. Seine neueste Erfindung ist ein Geräuscheeinsauger, mit dessen Hilfe er unterschiedlichste Geräusche in Einweckgläser bannt. 23.747 verschiedene hat er schon eingesaugt, als das Unglück geschieht. Er bricht durch die Holzdielen seiner Wohnung, reißt zahllose Gläser mit sich und hängt fest. Aber er wäre kein guter Erfinder, wenn ihm nicht dann doch noch eine Lösung einfiele. Und tatsächlich: Frau Mirabell aus dem Café gegenüber versteht seine Signale …
</marc:subfield>
   </marc:datafield>
   <marc:datafield ind1=" " ind2=" " tag="020">
      <marc:subfield code="a">9783941651463</marc:subfield>
      <marc:subfield code="9">9783941651463</marc:subfield>
   </marc:datafield>
   <marc:datafield ind1=" " ind2=" " tag="041">
      <marc:subfield code="a">ger</marc:subfield>
   </marc:datafield>
   <marc:datafield ind1=" " ind2=" " tag="300">
      <marc:subfield code="a">34 S.</marc:subfield>
   </marc:datafield>
</marc:record>
